[Event "AUT-ch U12"]
[Site "Deutschlandsberg"]
[Date "2006.??.??"]
[Round "7"]
[White "Buchner, Gernot"]
[Black "Stolzlechner, Andreas"]
[Result "1-0"]
[WhiteElo "1499"]
[BlackElo "1534"]
[PlyCount "37"]
[EventDate "2006.06.??"]
[EventType "swiss"]
[EventRounds "7"]
[EventCountry "AUT"]
[SourceTitle "EXT 2009"]
[Source "ChessBase"]
[SourceDate "2008.11.26"]
[SourceVersion "1"]
[SourceVersionDate "2008.11.26"]
[SourceQuality "1"]

1. e4 e5 2. Nf3 Nc6 3. Bc4 Nf6 4. Ng5 d5 5. exd5 Na5 6. Bb5+ Bd7 7. Bxd7+ Qxd7 8. d3 Qxd5 9. 0-0 Bc5 10. a3 Nc6 11. Nc3 Qd7 12. Nge4 Nxe4 13. Nxe4 Bb6 14. Re1 0-0 15. Be3 Rfe8 16. Bxb6 cxb6 17. Re3 Rac8 18. Rg3 Nd4 19. Nf6+ 1-0

[Event "AUT-ch U12"]
[Site "Deutschlandsberg"]
[Date "2006.??.??"]
[Round "4"]
[White "Dalnodar, Bernhard"]
[Black "Buchner, Gernot"]
[Result "1/2-1/2"]
[WhiteElo "1620"]
[BlackElo "1499"]
[PlyCount "45"]
[EventDate "2006.06.??"]
[EventType "swiss"]
[EventRounds "7"]
[EventCountry "AUT"]
[SourceTitle "EXT 2009"]
[Source "ChessBase"]
[SourceDate "2008.11.26"]
[SourceVersion "1"]
[SourceVersionDate "2008.11.26"]
[SourceQuality "1"]

1. Nf3 c6 2. d4 d5 3. c4 Bf5 4. Nc3 h6 5. Bf4 e6 6. e3 Bd6 7. Bg3 Bxg3 8. hxg3 Nf6 9. Be2 Nbd7 10. Qd2 Qc7 11. b3 Ne4 12. Nxe4 Bxe4 13. Rc1 dxc4 14. bxc4 0-0 15. Bd3 Bxd3 16. Qxd3 Qa5+ 17. Qd2 Qxd2+ 18. Nxd2 b6 19. Ke2 Rfc8 20. Rh4 c5 21. Nb3 Rc7 22. Rhh1 Rac8 23. Nd2 1/2-1/2